[Event "CAN-ch U10"]
[Site "Ottawa"]
[Date "2007.07.06"]
[Round "7"]
[White "Dumais, Jean Philippe"]
[Black "McCleary, Reuben"]
[Result "1/2-1/2"]
[WhiteElo "1153"]
[BlackElo "1075"]
[PlyCount "117"]
[EventDate "2007.07.03"]
[EventType "swiss"]
[EventRounds "7"]
[EventCountry "CAN"]
[SourceTitle "EXT 2022"]
[Source "ChessBase"]
[SourceDate "2021.10.06"]
[SourceVersion "1"]
[SourceVersionDate "2021.10.06"]
[SourceQuality "1"]

1. e4 e6 2. Nf3 d5 3. exd5 exd5 4. Nc3 Nf6 5. d4 Bb4 6. Bf4 0-0 7. Bb5 Bd7 8. Bxd7 Nbxd7 9. 0-0 Ng4 10. Nxd5 Ba5 11. Qd3 Nb8 12. Ng5 g6 13. Qh3 h5 14. Ne3 Qxd4 15. Qf3 Ne5 16. Bxe5 Qxe5 17. Qxb7 Nd7 18. Nf3 Qf6 19. Qb5 Bb6 20. Qxd7 Qxb2 21. Nc4 Qxc2 22. Nxb6 cxb6 23. Nd4 Qd2 24. Rfd1 Qc3 25. Nc6 a5 26. Rab1 Ra6 27. h3 b5 28. Rxb5 Rxc6 29. Rxa5 Qxa5 30. Qxc6 Qxa2 31. g4 Qb3 32. Rd7 Qxh3 33. gxh5 Qxh5 34. Qd6 Qh3 35. Qd3 Qxd3 36. Rxd3 Kg7 37. Kg2 Rc8 38. Kg3 Rc2 39. Kf3 Kf6 40. Ke3 Ke5 41. f3 Rc4 42. Rb3 g5 43. Rb7 Rc3+ 44. Ke2 Kf5 45. Rb4 Kg6 46. Kf2 f5 47. Ke2 Kh5 48. Kf2 g4 49. fxg4+ fxg4 50. Kg2 Kh4 51. Kh2 Rd3 52. Rc4 Kg5 53. Re4 Kf5 54. Ra4 Rh3+ 55. Kg2 Rc3 56. Kh2 g3+ 57. Kh3 Ke5 58. Kg2 Rd3 59. Kh3 1/2-1/2